[Event "CZE-chT2a 0405"]
[Site "Czech Republic"]
[Date "2005.02.20"]
[Round "8.8"]
[White "Tochor, Jiri"]
[Black "Hroch, Jiri"]
[Result "1-0"]
[WhiteElo "1976"]
[BlackElo "2078"]
[PlyCount "81"]
[EventDate "2004.10.17"]
[EventType "team-tourn"]
[EventRounds "11"]
[EventCountry "CZE"]
[SourceTitle "EXT 2007"]
[Source "ChessBase"]
[SourceDate "2006.11.23"]
[SourceVersion "1"]
[SourceVersionDate "2006.11.23"]
[SourceQuality "1"]
[WhiteTeam "Domazlice"]
[BlackTeam "Plzen Letna"]
[WhiteTeamCountry "CZE"]
[BlackTeamCountry "CZE"]

1. e4 c5 2. Nf3 Nc6 3. Nc3 e5 4. Bc4 Be7 5. d3 Nf6 6. Nd2 d6 7. Nf1 Bg4 8. f3 Be6 9. Ne3 0-0 10. 0-0 a6 11. Bd5 Rb8 12. a4 Nb4 13. Bc4 d5 14. exd5 Nbxd5 15. Nexd5 Nxd5 16. Qe1 Bf6 17. Ne4 b6 18. a5 Nb4 19. Bxe6 Nxc2 20. Qf2 Nxa1 21. Bc4 b5 22. Ba2 Qxd3 23. Nxf6+ gxf6 24. Bh6 Nc2 25. Bb1 Qd4 26. Bxf8 Ne3 27. Re1 Nxg2 28. Kxg2 Rxf8 29. Re4 Qxf2+ 30. Kxf2 Rd8 31. Ke2 h6 32. f4 Rd5 33. fxe5 fxe5 34. Rh4 Kg7 35. Bf5 Rd6 36. Bc8 Rg6 37. Rg4 Rxg4 38. Bxg4 Kf6 39. Bc8 Ke7 40. Bxa6 b4 41. Bc4 1-0

[Event "CZE-chT2J 0203"]
[Site "Czech Republic"]
[Date "2003.??.??"]
[Round "6"]
[White "Hoffmann, Rudolf"]
[Black "Tochor, Jiri"]
[Result "0-1"]
[WhiteElo "2033"]
[BlackElo "2002"]
[PlyCount "158"]
[EventDate "2002.10.??"]
[EventType "team-tourn"]
[EventRounds "11"]
[EventCountry "CZE"]
[SourceTitle "EXT 2007"]
[Source "ChessBase"]
[SourceDate "2006.11.23"]
[SourceVersion "1"]
[SourceVersionDate "2006.11.23"]
[SourceQuality "1"]

1. c4 c5 2. Nc3 Nc6 3. Nf3 g6 4. g3 Bg7 5. Bg2 e6 6. 0-0 Nge7 7. d3 0-0 8. Bg5 h6 9. Bf4 d5 10. Rc1 d4 11. Na4 e5 12. Bd2 b6 13. Rb1 a5 14. a3 Bd7 15. e3 Kh7 16. Qb3 Rb8 17. Qc2 Ra8 18. Qb3 Nc8 19. Rfe1 g5 20. exd4 exd4 21. Qc2 Ra7 22. b3 Qf6 23. h3 Qg6 24. Re2 Qf6 25. Rbe1 g4 26. hxg4 Bxg4 27. Bf4 Re7 28. Rxe7 N6xe7 29. Be5 Qg6 30. Nh4 Qe6 31. f3 Bxe5 32. fxg4 Qd6 33. Be4+ Kh8 34. Rf1 Bxg3 35. Nf5 Nxf5 36. Rxf5 Bf4 37. Qg2 Ne7 38. Rh5 Rg8 39. Kf1 Qe6 40. Bf3 Qg6 41. Qe2 Be3 42. Qh2 Qxd3+ 43. Be2 Qb1+ 44. Kg2 Qe4+ 45. Kf1 Rg6 46. Qe5+ Qxe5 47. Rxe5 Bg5 48. Nb2 Rd6 49. Nd3 Kg7 50. Bf3 Bf6 51. Re2 Ng6 52. Re8 Re6 53. Rxe6 fxe6 54. Ke2 Kf7 55. Be4 Nf8 56. Nf4 Bg5 57. Nd3 Nd7 58. Bc6 Nb8 59. Bb7 Ke7 60. Ne5 Kd6 61. Nf7+ Kc7 62. Be4 Nd7 63. Bd3 Nf6 64. Kf3 Kd7 65. Ne5+ Ke7 66. Kg3 Ne8 67. Kf3 Bf6 68. Ng6+ Kd6 69. Nf4 Bg5 70. Nh5 Ke5 71. Ng3 Bc1 72. a4 Nd6 73. Nh5 Nf7 74. Ng3 Ng5+ 75. Kf2 Be3+ 76. Ke2 Kf4 77. Nh5+ Kxg4 78. Nf6+ Kg3 79. Nd7 h5 0-1

[Event "CZE-chT2J 0203"]
[Site "Czech Republic"]
[Date "2003.??.??"]
[Round "5"]
[White "Novy, Vaclav"]
[Black "Tochor, Jiri"]
[Result "1-0"]
[WhiteElo "2005"]
[BlackElo "2002"]
[PlyCount "83"]
[EventDate "2002.10.??"]
[EventType "team-tourn"]
[EventRounds "11"]
[EventCountry "CZE"]
[SourceTitle "EXT 2007"]
[Source "ChessBase"]
[SourceDate "2006.11.23"]
[SourceVersion "1"]
[SourceVersionDate "2006.11.23"]
[SourceQuality "1"]

1. e4 c5 2. Nf3 e6 3. c3 Nf6 4. e5 Nd5 5. d4 cxd4 6. cxd4 d6 7. Bd3 Bd7 8. 0-0 Be7 9. Nbd2 Nc6 10. Re1 Nf4 11. Bb1 d5 12. h4 g6 13. Nf1 Nh5 14. Bh6 Rg8 15. g3 Qb6 16. Re3 Na5 17. b3 0-0-0 18. a3 Kb8 19. Ng5 f6 20. Nxh7 Be8 21. exf6 Nxf6 22. Bg5 Nxh7 23. Bxe7 Rd7 24. Bc5 Qc6 25. Qe1 Qc7 26. Bb4 Nc6 27. Qd2 Bf7 28. Bd3 Nf6 29. Bb5 Ne4 30. Qe1 g5 31. hxg5 Rxg5 32. Bxc6 Qxc6 33. Kg2 Qc8 34. Nd2 Nxd2 35. Qxd2 Qg8 36. Rc1 Rh5 37. Rec3 a6 38. Qf4+ Ka7 39. Rc7 Rxc7 40. Rxc7 Be8 41. Bc5+ Kb8 42. Rg7+ 1-0

[Event "CZE-chT2J 0203"]
[Site "Czech Republic"]
[Date "2003.??.??"]
[Round "7"]
[White "Sedlacek, Jiri"]
[Black "Tochor, Jiri"]
[Result "0-1"]
[WhiteElo "2072"]
[BlackElo "2002"]
[PlyCount "98"]
[EventDate "2002.10.??"]
[EventType "team-tourn"]
[EventRounds "11"]
[EventCountry "CZE"]
[SourceTitle "EXT 2007"]
[Source "ChessBase"]
[SourceDate "2006.11.23"]
[SourceVersion "1"]
[SourceVersionDate "2006.11.23"]
[SourceQuality "1"]

1. c4 c5 2. Nc3 Nc6 3. Nf3 g6 4. g3 Bg7 5. Bg2 e6 6. 0-0 Nge7 7. e3 0-0 8. d4 d6 9. dxc5 dxc5 10. Qe2 b6 11. Rd1 Qc7 12. e4 Ba6 13. Nb5 Bxb5 14. cxb5 Nd4 15. Nxd4 Bxd4 16. Bf4 e5 17. Bh6 Rfd8 18. Rac1 Rd6 19. Kh1 Rad8 20. Rf1 Kh8 21. f4 f6 22. fxe5 Bxe5 23. Be3 Qd7 24. b3 Rd3 25. Bf4 Qd6 26. Bxe5 Qxe5 27. Rcd1 Rxd1 28. Rxd1 Rd4 29. Qf3 Kg7 30. Kg1 Nc8 31. Re1 Nd6 32. Qe2 Nf7 33. Kf2 Qd6 34. Qe3 Ne5 35. Kg1 h5 36. Bf1 Rd2 37. Re2 Rd3 38. Qf4 g5 39. Qf2 g4 40. Rc2 Rd1 41. Kg2 Nf3 42. Re2 h4 43. Qe3 h3+ 44. Kf2 Nxh2 45. Re1 Qd2+ 46. Qxd2 Rxd2+ 47. Be2 Nf3 48. Rd1 h2 49. Rh1 Nd4 0-1

[Event "CZE-chTJ 0102"]
[Site "Czech Republic"]
[Date "2002.??.??"]
[Round "7"]
[White "Elias, Miroslav"]
[Black "Tochor, Jiri"]
[Result "0-1"]
[WhiteElo "2123"]
[BlackElo "2050"]
[PlyCount "75"]
[EventDate "2001.??.??"]
[EventType "team-tourn"]
[EventRounds "11"]
[EventCountry "CZE"]
[SourceTitle "EXT 2003"]
[Source "ChessBase"]
[SourceDate "2002.11.25"]
[SourceVersion "1"]
[SourceVersionDate "2002.11.25"]
[SourceQuality "1"]
[WhiteTeam "Sokolov"]
[BlackTeam "Domazlice"]
[WhiteTeamCountry "CZE"]
[BlackTeamCountry "CZE"]

1. e4 c5 2. b3 Nf6 3. Nc3 Nc6 4. Bb2 d6 5. Bb5 Bd7 6. Nf3 a6 7. Bxc6 Bxc6 8. Qe2 e5 9. 0-0 b5 10. d3 Be7 11. a4 b4 12. Nd1 g6 13. Ne3 Nh5 14. Nc4 Bd7 15. g3 Ng7 16. Nfd2 0-0 17. f4 f6 18. Ne3 Bc6 19. Ndc4 Ra7 20. Rae1 Kh8 21. Rf2 Ne6 22. f5 Nd4 23. Bxd4 cxd4 24. Nd5 Bxd5 25. exd5 g5 26. Qe4 h5 27. g4 h4 28. a5 Qc7 29. Ra1 Qc5 30. Ra4 Rb8 31. Rf1 Rb5 32. Rfa1 Rab7 33. Kg2 Qxd5 34. Qxd5 Rxd5 35. R4a2 Rdb5 36. Kf3 d5 37. Nd2 Bd8 38. h3 0-1